|
|
|
|
| LEADER |
00000nam a2200000Ia 4500 |
| 008 |
180706b2000 cr ||||| |||| 00| | spa d |
| 999 |
|
|
|c 2268
|d 2268
|
| 090 |
|
|
|a 18.08.01
|b 1571
|
| 110 |
|
|
|a Universidad de Costa Rica. Oficina de Planificación Universitaria
|9 2813
|
| 245 |
1 |
0 |
|a Panorama cuantitativo universitario /
|c Universidad de Costa Rica. Oficina de Planificación Universitaria
|
| 260 |
|
|
|a San José, Costa Rica :
|b Oficina de Planificación Universitaria,
|c 2000
|
| 300 |
|
|
|a 149 páginas
|
| 610 |
|
4 |
|9 714
|a UNIVERSIDAD DE COSTA RICA
|
| 650 |
1 |
4 |
|a DATOS ESTADÍSTICOS
|9 452
|
| 650 |
1 |
4 |
|a RECURSOS HUMANOS
|9 1166
|
| 650 |
1 |
4 |
|a INVESTIGACIÓN
|9 163
|
| 650 |
1 |
4 |
|a ACCIÓN SOCIAL
|9 1220
|
| 650 |
1 |
4 |
|a ESTUDIANTES
|9 332
|
| 650 |
1 |
4 |
|a ADMINISTRACIÓN
|9 2299
|
| 942 |
|
|
|i 003379
|h 18.08.01 1571
|2 z
|c 01
|